Grupos de países que comienzan con las mismas tres letras - Estadísticas

Estadísticas generales
  • Esta prueba ha sido intentada 7.436 veces
  • La puntuación promedio es 32 de 67
Estadísticas de respuestas
País % Correcto
Australia
82%
Austria
81%
China
74%
Argentina
72%
Estados Unidos
71%
Argelia
70%
Chile
67%
Estonia
66%
India
64%
Indonesia
63%
República Democrática del Congo
63%
República del Congo
62%
Sudán
62%
Corea del Norte
60%
Corea del Sur
60%
Sudán del Sur
58%
Chipre
56%
Sudáfrica
56%
República Dominicana
55%
Irán
53%
Irak
52%
Malasia
52%
Mali
50%
República Checa
50%
Guinea
49%
Níger
49%
Eslovaquia
48%
Eslovenia
48%
Nigeria
48%
Santa Lucía
48%
Guinea Ecuatorial
47%
San Vicente y las Granadinas
46%
Guinea-Bissau
46%
Maldivas
46%
San Cristóbal y Nieves
45%
Bélgica
44%
Islandia
44%
Santo Tomé y Príncipe
44%
Turquía
44%
Islas Marshall
43%
Islas Salomón
42%
Liberia
42%
Malta
42%
República Centroafricana
42%
Turkmenistán
42%
Líbano
41%
Libia
41%
San Marino
41%
Malaui
40%
Mongolia
40%
Montenegro
40%
Belice
39%
Mónaco
39%
Tailandia
38%
Mauritania
36%
Camerún
35%
Camboya
34%
Mauricio
34%
Taiwán
34%
Costa Rica
31%
Costa de Marfil
28%
Barbados
26%
Baréin
24%
Burundi
21%
Burkina Faso
19%
Kirguistán
15%
Kiribati
14%
No se encontraron pruebas coincidentes
Distribución de puntuación
Porcentaje de gente con cada puntuación
Porcentaje por número respondido
Historial de tus puntuaciones
No has intentado esta prueba.